Yellow Jack / (Record no. 522712)

000 -LEADER
fixed length control field 00337nam a22001457a 4500
003 - CONTROL NUMBER IDENTIFIER
control field NUST
038 ## - RECORD CONTENT LICENSOR
Staff Name waseem
082 ## - DEWEY DECIMAL CLASSIFICATION NUMBER
Classification number 812
Author Mark HOT
100 ## - MAIN ENTRY--PERSONAL NAME
Personal name Howard, Sidney
9 (RLIN) 12915
245 ## - TITLE STATEMENT
Title Yellow Jack /
Statement of responsibility, etc. Sidney Howard
260 ## - PUBLICATION, DISTRIBUTION, ETC.
Place of publication, distribution, etc. New York :
Name of publisher, distributor, etc. Fawcett Publication,
Date of publication, distribution, etc. 1961.
300 ## - PHYSICAL DESCRIPTION
Extent 124 p. ;
500 ## - GENERAL NOTE
General note Paperback.
942 ## - ADDED ENTRY ELEMENTS (KOHA)
Source of classification or shelving scheme
Koha item type Book
Holdings
Withdrawn status Lost status Source of classification or shelving scheme Damaged status Not for loan Collection code Permanent Location Current Location Shelving location Date acquired Source of acquisition Total Checkouts Total Renewals Full call number Barcode Date last seen Date last checked out Price effective from Koha item type
            Central Library (CL) Central Library (CL) Book Cart 01/03/2019 Donation 1 2 812 HOT CL-D-269 06/14/2024 02/25/2024 01/03/2019 Book
© 2023 Central Library, National University of Sciences and Technology. All Rights Reserved.